000 00295nam a22001337a 4500
008 170905b xxu||||| |||| 00| 0 eng d
020 _a62-1389
041 _aeng
080 _a070
100 _a40
101 _aMED
245 _aUNDERSTANDING DATA COMMUNICATIONS
_cSAMS,H.W
942 _2udc
_cBK
999 _c26180
_d26180